LDR 01269naa#a2200241#i#450# 001 RU\\bibl\123921 005 20260630021218.2 011 ## _a2077-7566 100 ## _a20260629b2026####ek#y0rusy0150####ca 101 0# _aRUS 102 ## _aRU 200 1# _aАНАЛИЗ КЛИНИЧЕСКОЙ ЭФФЕКТИВНОСТИ ПРИМЕНЕНИЯ ИНДИВИДУАЛЬНОГО НАВИГАЦИОННОГО ШАБЛОНА ПРИ ВЫПОЛНЕНИИ МЕСТНОГО ПРОВОДНИКОВОГО ОБЕЗБОЛИВАНИЯ НА ВЕРХНЕЙ ЧЕЛЮСТИ _eЖурнальная статья 210 1# _aЕкатеринбург _cИздательский Дом «ТИРАЖ» _d2026 215 ## _a7 с. 608 ## _aЖурнальная статья _2local 675 ## _aМедицина. Охрана здоровья. Пожарное дело. 61 _zRUS 686 ## _aКлиническая медицина. 76.29 _2grnti 700 #1 _aШалита _gДанила Сергеевич 700 #1 _aЛапина _gНаталья Викторовна 700 #1 _aОвчаренко _gЕвгения Сергеевна 700 #1 _aГербова _gТатьяна Витальевна 700 #1 _aБондаренко _gНиколай Александрович 856 4# _adental-press.ru _u